000 00577nam a22001697a 4500
003 OSt
005 20260312154438.0
008 260312b |||||||| |||| 00| 0 eng d
040 _cMRSPTU
041 _aEnglish
100 _aSatvir Singh, Supervisor : Vishavdeep Jindal
245 _aExperimental Investigation of Characteristics of Modified Insulating Paper for an Oil Immersed Transformer
260 _bDepartment of EE, MRSPTU, Bathinda
_c2017
650 _aElectrical Engineering
856 _uhttp://163.47.215.52:8080/jspui/handle/123456789/1192
942 _2ddc
_cTH
_n0
999 _c11135
_d11135